|
|
|
|
| LEADER |
00000nam0a2200000 4500 |
| 001 |
332394 |
| 005 |
20231102004442.0 |
| 035 |
|
|
|a (RuTPU)RU\TPU\book\358327
|
| 090 |
|
|
|a 332394
|
| 100 |
|
|
|a 20170522d1947 km y0rusy50 ca
|
| 101 |
0 |
|
|a rus
|
| 102 |
|
|
|a UA
|
| 105 |
|
|
|a a z 001zy
|
| 200 |
1 |
|
|a Метрика сопряжений деталей машин
|f И. Д. Файнерман
|
| 205 |
|
|
|a 2-е изд., доп.
|
| 210 |
|
|
|a Киев
|a Львов
|c Гостехиздат
|d 1947
|
| 215 |
|
|
|a 231 с.
|c ил.
|
| 320 |
|
|
|a Библиогр.: с. 220-228
|
| 606 |
1 |
|
|a Детали машин
|x Сопряжения
|2 stltpush
|3 (RuTPU)RU\TPU\subj\9154
|9 36432
|
| 610 |
1 |
|
|a метрики
|
| 610 |
1 |
|
|a размеры
|
| 610 |
1 |
|
|a формы
|
| 610 |
1 |
|
|a трение
|
| 610 |
1 |
|
|a сопряжения
|
| 610 |
1 |
|
|a размерные цепи
|
| 610 |
1 |
|
|a погрешности
|
| 675 |
|
|
|a 621.81:539.3
|v 4
|
| 700 |
|
1 |
|a Файнерман
|b И. Д.
|g Исаак Давидович
|
| 801 |
|
1 |
|a RU
|b 63413507
|c 20170522
|
| 801 |
|
2 |
|a RU
|b 63413507
|c 20190910
|g RCR
|
| 942 |
|
|
|c BK
|